The Indian Succession Act (Record no. 1312117)

MARC details
000 -LEADER
fixed length control field 00559nam a2200229Ia 4500
005 - DATE AND TIME OF LATEST TRANSACTION
control field 20250506172821.0
008 - FIXED-LENGTH DATA ELEMENTS--GENERAL INFORMATION
fixed length control field 008 250505s9999 xx 000 0 eng d
020 ## - INTERNATIONAL STANDARD BOOK NUMBER
International Standard Book Number 9788171773794
037 ## - SOURCE OF ACQUISITION
Stock number TB
040 ## - CATALOGING SOURCE
Original cataloging agency ILCL
Language of cataloging eng
Transcribing agency ILCL
041 ## - LANGUAGE CODE
Language code of text/sound track or separate title eng
Source of code eng
082 ## - DEWEY DECIMAL CLASSIFICATION NUMBER
Assigning agency ILCL
084 ## - COLON CLASSIFICATION NUMBER
Classification number Z2,1,6q R3
100 ## - MAIN ENTRY--PERSONAL NAME
Personal name Mitra, B B
9 (RLIN) 346001
245 #4 - TITLE STATEMENT
Title The Indian Succession Act
250 ## - EDITION STATEMENT
Edition statement 16
260 ## - PUBLICATION, DISTRIBUTION, ETC.
Place of publication, distribution, etc. Kolkata
Name of publisher, distributor, etc. Eastern Law House
Date of publication, distribution, etc. 2023
300 ## - PHYSICAL DESCRIPTION
Extent 112,872p.
365 ## - TRADE PRICE
Price type code INR
942 ## - ADDED ENTRY ELEMENTS (KOHA)
Koha item type Textbook
Source of classification or shelving scheme
Holdings
Withdrawn status Lost status Damaged status Not for loan Home library Current library Date acquired Source of acquisition Cost, normal purchase price Inventory number Total Checkouts Full call number Barcode Date last seen Price effective from Koha item type
        Integrated Law Course library Integrated Law Course library 7-03-24 Apple Books 2495.00 008 dt.03-07-2024   Z2,1,6q R3 IL1863277 2025-05-06 2025-05-06 Textbook
Copyright @ Delhi University Library System